书目信息 |
| 题名: |
PADS使用指南-最新的电路图及印制板辅助设计软件
|
|
| 作者: | 方慧生 主编 | |
| 分册: | ||
| 出版信息: | 北京 电子工业出版社 1999.03 |
|
| 页数: | 249页 | |
| 开本: | 16开 | |
| 丛书名: | ||
| 单 册: | ||
| 中图分类: | TN702 | |
| 科图分类: | ||
| 主题词: | 电子电路 | |
| 电子资源: | ||
| ISBN: | 7-5053-5203-2 | |
| 000 | 00632nam0 2200193 45 | |
| 001 | 0005161711 | |
| 005 | 20000516171622.3 | |
| 010 | @a7-5053-5203-2@d32.00元 | |
| 100 | @a20000516d1999 km y0chiy0120 ea | |
| 101 | @achi | |
| 105 | @a z 000yy | |
| 200 | 1 | @aPADS使用指南-最新的电路图及印制板辅助设计软件@APADS Shi Yong Zhi Nan-Zui Xin De Dian Lu Tu Ji Yin Zhi Ban Fu Zhu She Ji Ruan Jian@f方慧生主编@FFang Hui Sheng Zhu Bian |
| 210 | @a北京@c电子工业出版社@d1999.03 | |
| 215 | @a249页@d16开 | |
| 606 | 0 | @a电子电路 |
| 690 | @aTN702@v3 | |
| 701 | @a方慧生@4主编 | |
| 801 | @aCN@bPftUser@c20000516 | |
| 905 | @f1@b55533@dTN702@eF784 | |
| PADS使用指南-最新的电路图及印制板辅助设计软件/方慧生主编.-北京:电子工业出版社,1999.03 |
| 249页;16开 |
| ISBN 7-5053-5203-2:32.00元 |
| ● |
| 相关链接 |
|
|
|
正题名:PADS使用指南-最新的电路图及印制板辅助设
索取号:TN702/F784
 
预约/预借
| 序号 | 登录号 | 条形码 | 馆藏地/架位号 | 状态 | 备注 |
| 1 | 55533 | 200555336 | 自科库301/301自科库 29排1列4层/ [索取号:TN702/F784] | 在馆 |